Guía de la caverna prehistórica de la Peña Candamo / (Record no. 79412)

MARC details
000 -LEADER
campo de control de longitud fija 00744nam a2200193 i 4500
001 - NÚMERO DE CONTROL
campo de control 79412
003 - IDENTIFICADOR DE NÚMERO DE CONTROL
campo de control ES-MaACL
005 - FECHA Y HORA DE LA ÚLTIMA TRANSACCIÓN
campo de control 20250728063124.0
007 - CAMPO FIJO DE DESCRIPCIÓN FÍSICA--INFORMACIÓN GENERAL
campo de control de longitud fija t|
008 - DATOS DE LONGITUD FIJA--INFORMACIÓN GENERAL
campo de control de longitud fija 041021s1932 sp ||||1| spa d
100 1# - ENTRADA PRINCIPAL--NOMBRE DE PERSONA
Nombre de persona Hernández-Pacheco, Eduardo,
Fechas asociadas al nombre 1872-1965
9 (RLIN) 63012
245 10 - MENCIÓN DEL TÍTULO
Título Guía de la caverna prehistórica de la Peña Candamo /
Mención de responsabilidad, etc. Eduardo Hernández-Pacheco.
260 ## - PUBLICACIÓN, DISTRIBUCIÓN, ETC.
Lugar de publicación, distribución, etc. [Madrid :
Nombre del editor, distribuidor, etc. s.n.,
Fecha de publicación, distribución, etc. 1932] (
Fabricante José Molina)
300 ## - DESCRIPCIÓN FÍSICA
Extensión 23 p., [1] h. pleg. :
Otras características físicas il. ;
Dimensiones 20 cm.
650 #4 - PUNTO DE ACCESO ADICIONAL DE MATERIA--TÉRMINO DE MATERIA
Término de materia o nombre geográfico como elemento de entrada Arte prehistórico-
Subdivisión geográfica Asturias (Comunidad Autónoma)
9 (RLIN) 10271
651 #4 - PUNTO DE ACCESO ADICIONAL DE MATERIA--NOMBRE GEOGRÁFICO
Nombre geográfico Cueva de la Peña (Asturias)
9 (RLIN) 159309
852 ## - LOCALIZACIÓN
Ubicación ES-MaACL
Número de control de estantería 1749-F-16
Nota libre .- Donat. de Eduardo Hernández-Pacheco, en anotación manuscrita
Holdings
Estatus retirado Estado de pérdida Estado de daño No para préstamo Colección Biblioteca de origen Biblioteca actual Ubicación en estantería Fecha de adquisición Fuente de adquisición Total de préstamos Signatura topográfica completa Código de barras Visto por última vez Precio de reemplazo Tipo de ítem Koha
        Colección de folletos Biblioteca del Ateneo de Madrid Biblioteca del Ateneo de Madrid Depósito folletos 17/01/2008     1749-F-16 1083043 23/02/2023 23/02/2023 Folleto